| 000 | 00589nam a2200241 a 4500 | ||
|---|---|---|---|
| 001 | nice12345678 | ||
| 003 | IN_TiNIC | ||
| 005 | 20260116011251.0 | ||
| 008 | 050524s1941 lona grp 000 0 eng | ||
| 020 |
_a _c100 |
||
| 082 | 0 | 0 |
_a252 _bFOS |
| 100 | _aFosdic, Harry Emerson | ||
| 245 |
_aLiving Under Tension _b Sermons on Christianity To-Day |
||
| 260 |
_aLondon _bScm Press _c1941 |
||
| 300 | _a279p | ||
| 500 | _aincludes index and biblioraphy | ||
| 505 | 2 | _aIndex | |
| 650 | _aSermons | ||
| 700 | 1 | _aFosdic, Harry Emerson | |
| 902 | _bSRS | ||
| 942 | _cBK | ||
| 999 |
_c22 _d22 |
||